Départements français commençant par la lettre H - Statistiques

Statistiques générales
  • Ce quiz a été pris 1 318 fois
  • Le résultat moyen est 10 sur 12
Statistiques - réponses
Numéro Région Département % Correct
05 Provence-Alpes-Côte-d'Azur Hautes-Alpes
91%
68 Grand-Est Haut-Rhin
89%
31 Occitanie Haute-Garonne
88%
43 Auvergne-Rhône-Alpes Haute-Loire
87%
34 Occitanie Hérault
87%
2B Corse Haute-Corse
85%
65 Occitanie Hautes-Pyrénées
85%
70 Bourgogne-Franche-Comté Haute-Saône
84%
74 Auvergne-Rhône-Alpes Haute-Savoie
84%
52 Grand-Est Haute-Marne
83%
92 Île-de-France Hauts-de-Seine
80%
87 Nouvelle-Aquitaine Haute-Vienne
77%
Aucun quiz correspondant
Distribution des résultats
% des personnes avec chaque résultat
Percentile par nombre de réponses
Votre historique - résultats
Vous n’avez pas pris ce quiz